[Event "Wroclaw"]
[Site "?"]
[Date "2020.08.27"]
[Round "9.2"]
[White "Godzwon, Iwo"]
[Black "Mis, Mieszko"]
[Result "1-0"]
[BlackElo "2370"]
[WhiteElo "2193"]
[LiveChessVersion "1.4.8"]

1. e4 {[%clk 0:03:03]} d6 {[%clk 0:03:02]} 2. d4 {[%clk 0:03:04]} Nf6
{[%clk 0:03:03]} 3. Nc3 {[%clk 0:03:06]} e5 {[%clk 0:03:04]} 4. Nf3
{[%clk 0:03:07]} Nbd7 {[%clk 0:03:05]} 5. Bc4 {[%clk 0:03:08]} Be7
{[%clk 0:03:04]} 6. O-O {[%clk 0:03:09]} O-O {[%clk 0:03:04]} 7. a4
{[%clk 0:03:09]} a5 {[%clk 0:03:05]} 8. Re1 {[%clk 0:03:04]} c6 {[%clk 0:03:06]}
9. Bb3 {[%clk 0:02:57]} h6 {[%clk 0:03:01]} 10. h3 {[%clk 0:02:58]} Re8
{[%clk 0:02:57]} 11. Be3 {[%clk 0:02:45]} exd4 {[%clk 0:02:41]} 12. Bxd4
{[%clk 0:02:43]} Nf8 {[%clk 0:02:39]} 13. e5 {[%clk 0:02:24]} dxe5 14. Bxe5
{[%clk 0:02:26]} Be6 {[%clk 0:02:34]} 15. Qxd8 {[%clk 0:02:20]} Rexd8
{[%clk 0:02:32]} 16. Nd4 {[%clk 0:02:13]} Bxb3 {[%clk 0:02:24]} 17. cxb3
{[%clk 0:01:52]} Ng6 {[%clk 0:02:13]} 18. Nf5 {[%clk 0:01:53]} Rd7
{[%clk 0:01:13]} 19. Nxe7+ {[%clk 0:01:46]} Nxe7 {[%clk 0:00:58]} 20. Bxf6
{[%clk 0:01:47]} gxf6 {[%clk 0:00:59]} 21. Ne4 {[%clk 0:01:46]} Nd5
{[%clk 0:00:53]} 22. Rad1 {[%clk 0:01:47]} Kg7 {[%clk 0:00:44]} 23. Ng3
{[%clk 0:01:37]} Rad8 {[%clk 0:00:36]} 24. Rd4 {[%clk 0:01:38]} Nb4
{[%clk 0:00:24]} 25. Rg4+ {[%clk 0:01:38]} Kf8 {[%clk 0:00:17]} 26. Rh4
{[%clk 0:01:26]} Rd1 {[%clk 0:00:17]} 27. Rxd1 {[%clk 0:01:27]} Rxd1+
{[%clk 0:00:18]} 28. Kh2 {[%clk 0:01:29]} Rd2 {[%clk 0:00:18]} 29. Rxh6
{[%clk 0:01:30]} Rxf2 {[%clk 0:00:17]} 30. h4 {[%clk 0:01:31]} Nd5
{[%clk 0:00:17]} 31. Kg1 {[%clk 0:01:13]} Rxb2 {[%clk 0:00:17]} 32. Nf5
{[%clk 0:01:14]} Ke8 {[%clk 0:00:14]} 33. Rh8+ {[%clk 0:01:09]} Kd7
{[%clk 0:00:15]} 34. h5 {[%clk 0:01:10]} Nf4 {[%clk 0:00:13]} 35. g3
{[%clk 0:01:10]} Nh3+ {[%clk 0:00:13]} 36. Kh1 {[%clk 0:01:11]} Ke6
{[%clk 0:00:08]} 37. Ng7+ {[%clk 0:00:41]} Ke5 {[%clk 0:00:09]} 38. h6
{[%clk 0:00:39]} Ng5 {[%clk 0:00:07]} 39. h7 {[%clk 0:00:39]} Nxh7
{[%clk 0:00:07]} 40. Rxh7 {[%clk 0:00:40]} Rxb3 {[%clk 0:00:09]} 41. Rh5+
{[%clk 0:00:41]} Kd4 {[%clk 0:00:05]} 42. Rxa5 {[%clk 0:00:42]} Rxg3
{[%clk 0:00:06]} 43. Nf5+ {[%clk 0:00:44]} 1-0

[Event "Wroclaw"]
[Site "?"]
[Date "2020.08.27"]
[Round "9.3"]
[White "Pacan-Milej, Kosma"]
[Black "Kokoszczynski, Jan"]
[Result "1/2-1/2"]
[BlackElo "2163"]
[WhiteElo "2113"]
[LiveChessVersion "1.4.8"]

1. d4 {[%clk 0:03:03]} d5 {[%clk 0:03:04]} 2. c4 {[%clk 0:03:05]} e6
{[%clk 0:03:05]} 3. Nf3 {[%clk 0:02:52]} Nf6 {[%clk 0:03:00]} 4. Nc3
{[%clk 0:02:52]} c5 {[%clk 0:03:01]} 5. cxd5 {[%clk 0:02:45]} exd5
{[%clk 0:03:02]} 6. g3 {[%clk 0:02:40]} Nc6 {[%clk 0:03:02]} 7. Bg2
{[%clk 0:02:33]} cxd4 {[%clk 0:03:03]} 8. Nxd4 {[%clk 0:02:34]} Bc5
{[%clk 0:03:04]} 9. Nb3 {[%clk 0:02:21]} Bb6 {[%clk 0:03:05]} 10. O-O
{[%clk 0:02:21]} d4 {[%clk 0:03:06]} 11. Na4 {[%clk 0:02:20]} O-O
{[%clk 0:03:06]} 12. Nxb6 {[%clk 0:02:14]} axb6 {[%clk 0:03:05]} 13. Bg5
{[%clk 0:02:12]} Re8 {[%clk 0:03:04]} 14. Re1 {[%clk 0:01:56]} h6
{[%clk 0:02:26]} 15. Bxf6 {[%clk 0:01:53]} Qxf6 {[%clk 0:02:27]} 16. Bxc6
{[%clk 0:01:46]} bxc6 {[%clk 0:02:28]} 17. Qxd4 {[%clk 0:01:46]} Qd8
{[%clk 0:02:29]} 18. Qxd8 {[%clk 0:01:39]} Rxd8 {[%clk 0:02:30]} 19. a3
{[%clk 0:00:50]} Be6 20. Nc1 {[%clk 0:00:51]} c5 {[%clk 0:02:00]} 21. Nd3
{[%clk 0:00:46]} c4 {[%clk 0:01:30]} 22. Nf4 {[%clk 0:00:47]} Rd2
{[%clk 0:01:23]} 23. Nxe6 {[%clk 0:00:47]} fxe6 {[%clk 0:01:24]} 24. Rab1
{[%clk 0:00:49]} Kf7 {[%clk 0:01:22]} 25. Kf1 {[%clk 0:00:48]} c3
{[%clk 0:00:55]} 26. bxc3 {[%clk 0:00:42]} Rxa3 {[%clk 0:00:56]} 27. Rxb6
{[%clk 0:00:40]} Rxc3 {[%clk 0:00:58]} 28. Rbb1 {[%clk 0:00:38]} Rdc2
{[%clk 0:00:49]} 29. Rbd1 {[%clk 0:00:39]} Ra3 {[%clk 0:00:50]} 30. Rd4
{[%clk 0:00:35]} Rac3 {[%clk 0:00:43]} 31. Re4 {[%clk 0:00:36]} Kf6
{[%clk 0:00:43]} 32. Kg2 {[%clk 0:00:34]} Rc1 {[%clk 0:00:32]} 33. Rxc1
{[%clk 0:00:33]} Rxc1 {[%clk 0:00:33]} 34. Rf4+ {[%clk 0:00:31]} Ke7
{[%clk 0:00:31]} 35. g4 {[%clk 0:00:31]} Rc3 {[%clk 0:00:32]} 36. e3
{[%clk 0:00:31]} Rc5 {[%clk 0:00:32]} 37. Rf3 {[%clk 0:00:26]} Ra5
{[%clk 0:00:31]} 38. h4 {[%clk 0:00:26]} h5 {[%clk 0:00:24]} 39. g5
{[%clk 0:00:27]} Rb5 {[%clk 0:00:25]} 40. Kg3 {[%clk 0:00:28]} Rb4
{[%clk 0:00:27]} 41. Rf4 {[%clk 0:00:29]} Rb5 {[%clk 0:00:28]} 42. Ra4
{[%clk 0:00:28]} Kf7 {[%clk 0:00:24]} 43. Ra7+ {[%clk 0:00:29]} Kg6
{[%clk 0:00:25]} 44. Ra6 {[%clk 0:00:23]} Kf5 {[%clk 0:00:23]} 45. f3
{[%clk 0:00:24]} Rc5 {[%clk 0:00:15]} 46. e4+ {[%clk 0:00:24]} Ke5
{[%clk 0:00:16]} 47. Ra7 {[%clk 0:00:26]} Rc1 {[%clk 0:00:15]} 48. Rxg7
{[%clk 0:00:23]} Rg1+ {[%clk 0:00:16]} 49. Kh2 {[%clk 0:00:19]} Re1
{[%clk 0:00:15]} 50. Kg2 {[%clk 0:00:17]} Kf4 {[%clk 0:00:13]} 51. Rf7+
{[%clk 0:00:18]} Ke3 {[%clk 0:00:14]} 52. g6 {[%clk 0:00:16]} Re2+
{[%clk 0:00:15]} 53. Kg3 {[%clk 0:00:18]} Re1 {[%clk 0:00:16]} 54. g7
{[%clk 0:00:16]} Rg1+ {[%clk 0:00:18]} 55. Kh2 {[%clk 0:00:07]} Kf2
{[%clk 0:00:19]} 56. f4 {[%clk 0:00:06]} Rg2+ {[%clk 0:00:19]} 57. Kh3
{[%clk 0:00:07]} Rg3+ {[%clk 0:00:19]} 58. Kh2 {[%clk 0:00:08]} 1/2-1/2

[Event "Wroclaw"]
[Site "?"]
[Date "2020.08.27"]
[Round "9.4"]
[White "Szpar, Milosz"]
[Black "Lis, Mateusz"]
[Result "1-0"]
[BlackElo "2113"]
[WhiteElo "2275"]
[LiveChessVersion "1.4.8"]

1. c4 e5 2. Nc3 Nc6 3. g3 g6 4. Bg2 Bg7 5. Rb1 d6 6. b4 f5 7. d3 Nf6 8. Nf3 O-O
9. b5 Ne7 10. c5 h6 11. O-O Be6 12. cxd6 cxd6 13. Ba3 Nfd5 14. Na4 Rc8 15. Nd2
Nc3 16. Nxc3 Rxc3 17. Bb4 Rc7 18. Qa4 b6 19. Qa3 d5 20. Rbc1 Rd7 21. e3 Re8 22.
Rc2 d4 23. e4 Rc7 24. Rfc1 Rxc2 25. Rxc2 Qd7 26. exf5 gxf5 27. Nc4 Nd5 28. Bd6
Bf7 29. Re2 e4 30. dxe4 fxe4 31. Rxe4 Rxe4 32. Bxe4 Qxb5 33. Bd3 Qc6 34. Be5 a5
35. Bxg7 Kxg7 36. Qb2 Nc3 37. Nxb6 Qf3 38. Qd2 Be6 39. Bf1 Ne4 40. Qxd4+ Kg8 41.
Bg2 Qc3 42. Qxe4 Bxa2 1-0

[Event "Wroclaw"]
[Site "?"]
[Date "2020.08.27"]
[Round "9.5"]
[White "Nowak, Mikolaj"]
[Black "Galuszka, Tomasz"]
[Result "1/2-1/2"]
[BlackElo "1943"]
[WhiteElo "1875"]
[LiveChessVersion "1.4.8"]

1. c4 {[%clk 0:03:03]} c6 {[%clk 0:03:03]} 2. d4 {[%clk 0:03:02]} d5
{[%clk 0:03:04]} 3. cxd5 {[%clk 0:03:03]} cxd5 {[%clk 0:03:05]} 4. Bg5
{[%clk 0:03:03]} Nc6 {[%clk 0:03:04]} 5. Nc3 {[%clk 0:03:04]} Nf6
{[%clk 0:03:03]} 6. Bxf6 {[%clk 0:03:05]} gxf6 {[%clk 0:03:04]} 7. e3
{[%clk 0:03:06]} e6 {[%clk 0:02:44]} 8. Bd3 {[%clk 0:03:04]} f5 {[%clk 0:02:44]}
9. g3 {[%clk 0:03:04]} Bg7 {[%clk 0:02:39]} 10. Nge2 {[%clk 0:02:49]} O-O
{[%clk 0:02:37]} 11. a3 {[%clk 0:02:49]} Bd7 {[%clk 0:02:35]} 12. b4
{[%clk 0:02:37]} Ne7 {[%clk 0:02:30]} 13. O-O {[%clk 0:02:27]} Ng6
{[%clk 0:02:17]} 14. Rc1 {[%clk 0:01:52]} Qg5 {[%clk 0:01:58]} 15. Kh1
{[%clk 0:01:40]} Qh5 {[%clk 0:01:46]} 16. f3 {[%clk 0:00:59]} Rac8
{[%clk 0:01:36]} 17. Qd2 {[%clk 0:00:49]} a6 {[%clk 0:01:31]} 18. Nf4
{[%clk 0:00:38]} Nxf4 {[%clk 0:01:29]} 19. gxf4 {[%clk 0:00:39]} Kh8
{[%clk 0:01:25]} 20. Qe2 {[%clk 0:00:35]} Bf6 {[%clk 0:01:21]} 21. Rg1
{[%clk 0:00:34]} Rg8 {[%clk 0:01:09]} 22. Rxg8+ {[%clk 0:00:31]} Rxg8
{[%clk 0:01:09]} 23. Rg1 {[%clk 0:00:27]} Rxg1+ {[%clk 0:01:08]} 1/2-1/2

[Event "Wroclaw"]
[Site "?"]
[Date "2020.08.27"]
[Round "9.6"]
[White "Golenia, Wojciech"]
[Black "Zerebiec, Maurycy"]
[Result "1-0"]
[BlackElo "1920"]
[WhiteElo "1981"]
[LiveChessVersion "1.4.8"]

1. d4 {[%clk 0:02:58]} d5 {[%clk 0:02:58]} 2. Bf4 {[%clk 0:02:55]} Nf6
{[%clk 0:02:58]} 3. e3 {[%clk 0:02:57]} c5 {[%clk 0:02:57]} 4. Nf3
{[%clk 0:02:55]} Nc6 {[%clk 0:02:58]} 5. Nbd2 {[%clk 0:02:38]} Bf5
{[%clk 0:02:49]} 6. dxc5 {[%clk 0:02:19]} e6 {[%clk 0:02:36]} 7. Nb3
{[%clk 0:02:07]} Ne4 {[%clk 0:02:33]} 8. Nfd4 {[%clk 0:02:00]} Bg6
{[%clk 0:02:10]} 9. Bb5 {[%clk 0:01:52]} Rc8 {[%clk 0:01:53]} 10. Nxc6
{[%clk 0:01:51]} bxc6 {[%clk 0:01:41]} 11. Ba6 {[%clk 0:01:52]} Nxc5
{[%clk 0:01:38]} 12. Bxc8 {[%clk 0:01:47]} Qxc8 {[%clk 0:01:38]} 13. Qd4
{[%clk 0:01:34]} Nd7 {[%clk 0:01:20]} 14. O-O {[%clk 0:01:13]} c5
{[%clk 0:01:20]} 15. Qd2 {[%clk 0:01:08]} h5 {[%clk 0:01:04]} 16. c4
{[%clk 0:01:04]} e5 {[%clk 0:01:01]} 17. Bg5 {[%clk 0:00:46]} f6 {[%clk 0:00:59]}
18. Bh4 {[%clk 0:00:24]} d4 {[%clk 0:00:59]} 19. exd4 {[%clk 0:00:23]} exd4
{[%clk 0:00:49]} 20. Rfe1+ {[%clk 0:00:23]} Kf7 {[%clk 0:00:44]} 21. Qe2
{[%clk 0:00:21]} Bf5 {[%clk 0:00:45]} 22. Qf3 {[%clk 0:00:21]} g6
{[%clk 0:00:44]} 23. Bg3 {[%clk 0:00:14]} h4 {[%clk 0:00:41]} 24. Bf4
{[%clk 0:00:16]} Nb6 {[%clk 0:00:41]} 25. Rac1 {[%clk 0:00:15]} g5
{[%clk 0:00:39]} 26. Bd2 {[%clk 0:00:13]} Bd6 {[%clk 0:00:35]} 27. Na5
{[%clk 0:00:12]} Kg6 {[%clk 0:00:34]} 28. Qc6 {[%clk 0:00:12]} Qb8
{[%clk 0:00:31]} 29. h3 {[%clk 0:00:08]} g4 {[%clk 0:00:32]} 30. hxg4
{[%clk 0:00:08]} Bxg4 {[%clk 0:00:32]} 31. Qe4+ {[%clk 0:00:07]} Bf5
{[%clk 0:00:33]} 32. Qf3 {[%clk 0:00:09]} h3 {[%clk 0:00:33]} 33. g4
{[%clk 0:00:08]} Bd7 {[%clk 0:00:23]} 34. Qe4+ {[%clk 0:00:10]} f5
{[%clk 0:00:22]} 35. gxf5+ {[%clk 0:00:08]} Bxf5 {[%clk 0:00:23]} 36. Qf3
{[%clk 0:00:08]} h2+ {[%clk 0:00:16]} 37. Kh1 {[%clk 0:00:09]} Rg8
{[%clk 0:00:17]} 38. Nc6 {[%clk 0:00:09]} Qa8 {[%clk 0:00:15]} 39. Ne7+
{[%clk 0:00:09]} Bxe7 {[%clk 0:00:14]} 40. Qxa8 {[%clk 0:00:09]} Rxa8
{[%clk 0:00:14]} 41. Rxe7 {[%clk 0:00:10]} Rh8 {[%clk 0:00:15]} 42. Bf4
{[%clk 0:00:10]} Kf6 {[%clk 0:00:14]} 43. Be5+ {[%clk 0:00:10]} Kxe7
{[%clk 0:00:14]} 44. Bxh8 {[%clk 0:00:12]} Bd3 {[%clk 0:00:13]} 45. b3
{[%clk 0:00:12]} a5 {[%clk 0:00:11]} 46. Kxh2 {[%clk 0:00:13]} a4
{[%clk 0:00:13]} 47. Be5 {[%clk 0:00:13]} axb3 {[%clk 0:00:13]} 48. axb3
{[%clk 0:00:14]} Nd7 {[%clk 0:00:14]} 49. Bf4 {[%clk 0:00:15]} Nf6
{[%clk 0:00:14]} 50. f3 {[%clk 0:00:16]} Ne8 {[%clk 0:00:10]} 51. Kg3
{[%clk 0:00:17]} Ng7 {[%clk 0:00:11]} 52. Kf2 {[%clk 0:00:18]} Ne6
{[%clk 0:00:11]} 53. Bd2 {[%clk 0:00:17]} Kd7 {[%clk 0:00:11]} 54. f4
{[%clk 0:00:18]} Bf5 {[%clk 0:00:10]} 55. b4 {[%clk 0:00:18]} cxb4
{[%clk 0:00:10]} 56. Bxb4 {[%clk 0:00:19]} Kc6 {[%clk 0:00:11]} 57. Rd1
{[%clk 0:00:15]} d3 {[%clk 0:00:11]} 58. Ke3 {[%clk 0:00:14]} Nc5
{[%clk 0:00:10]} 59. Bxc5 {[%clk 0:00:15]} Kxc5 {[%clk 0:00:10]} 60. Rc1
{[%clk 0:00:16]} Kb4 {[%clk 0:00:05]} 61. c5 {[%clk 0:00:17]} Kb5
{[%clk 0:00:05]} 62. c6 {[%clk 0:00:18]} Kb6 {[%clk 0:00:07]} 63. c7
{[%clk 0:00:16]} Kb7 {[%clk 0:00:08]} 64. Rc5 {[%clk 0:00:15]} Bd7
{[%clk 0:00:08]} 65. Kxd3 {[%clk 0:00:15]} Kc8 {[%clk 0:00:09]} 66. Kd4
{[%clk 0:00:15]} Bh3 {[%clk 0:00:09]} 67. f5 {[%clk 0:00:16]} 1-0

[Event "Wroclaw"]
[Site "?"]
[Date "2020.08.27"]
[Round "9.7"]
[White "Kozak, Antoni"]
[Black "Fus, Jakub"]
[Result "1-0"]
[BlackElo "2113"]
[WhiteElo "2320"]
[LiveChessVersion "1.4.8"]

1. f4 {[%clk 0:03:01]} d5 {[%clk 0:03:03]} 2. Nf3 {[%clk 0:03:02]} Bg4
{[%clk 0:03:04]} 3. Ne5 {[%clk 0:03:03]} Be6 {[%clk 0:03:01]} 4. g3
{[%clk 0:03:01]} Nf6 {[%clk 0:02:56]} 5. Bg2 {[%clk 0:03:01]} Nbd7
{[%clk 0:02:57]} 6. b3 {[%clk 0:02:52]} Nxe5 {[%clk 0:02:34]} 7. fxe5
{[%clk 0:02:53]} Nd7 {[%clk 0:02:35]} 8. Bb2 {[%clk 0:02:53]} g6 {[%clk 0:02:29]}
9. O-O {[%clk 0:02:51]} Bg7 {[%clk 0:02:30]} 10. d4 {[%clk 0:02:52]} f6
{[%clk 0:02:23]} 11. exf6 {[%clk 0:02:49]} Nxf6 {[%clk 0:02:22]} 12. Nd2
{[%clk 0:02:43]} Bf5 {[%clk 0:02:22]} 13. c4 {[%clk 0:02:27]} c6 {[%clk 0:02:20]}
14. Qe1 {[%clk 0:02:10]} O-O {[%clk 0:02:13]} 15. Rd1 {[%clk 0:02:11]} Bh6
{[%clk 0:02:00]} 16. e4 {[%clk 0:01:39]} Bxd2 {[%clk 0:01:58]} 17. Qxd2
{[%clk 0:01:39]} Bxe4 {[%clk 0:01:56]} 18. Bh3 {[%clk 0:01:40]} Kg7
{[%clk 0:01:31]} 19. Ba3 {[%clk 0:01:25]} Qc7 {[%clk 0:01:17]} 20. Bc1
{[%clk 0:01:14]} Ng8 {[%clk 0:01:11]} 21. Qb4 {[%clk 0:00:55]} Rxf1+
{[%clk 0:00:52]} 22. Rxf1 {[%clk 0:00:56]} Rf8 {[%clk 0:00:53]} 23. Bf4
{[%clk 0:00:55]} Rxf4 {[%clk 0:00:16]} 24. Rxf4 {[%clk 0:00:55]} Nf6
{[%clk 0:00:17]} 25. Bg2 {[%clk 0:00:43]} b6 {[%clk 0:00:17]} 26. Qe1
{[%clk 0:00:36]} e5 {[%clk 0:00:17]} 27. dxe5 {[%clk 0:00:33]} Qxe5
{[%clk 0:00:18]} 28. Bxe4 {[%clk 0:00:33]} Nxe4 {[%clk 0:00:17]} 29. Kg2
{[%clk 0:00:27]} Qb2+ {[%clk 0:00:18]} 30. Kg1 {[%clk 0:00:17]} Qd4+
{[%clk 0:00:19]} 31. Kh1 {[%clk 0:00:15]} Qe5 {[%clk 0:00:20]} 32. cxd5
{[%clk 0:00:16]} cxd5 {[%clk 0:00:21]} 33. Qf1 {[%clk 0:00:10]} Qe6
{[%clk 0:00:11]} 34. Qa1+ {[%clk 0:00:12]} Kh6 {[%clk 0:00:11]} 35. Qd4
{[%clk 0:00:11]} Qc6 {[%clk 0:00:11]} 36. Rh4+ {[%clk 0:00:08]} Kg5
{[%clk 0:00:11]} 37. Qe3+ {[%clk 0:00:09]} Kf6 {[%clk 0:00:10]} 38. Rxh7
{[%clk 0:00:08]} g5 {[%clk 0:00:07]} 39. Rh6+ {[%clk 0:00:09]} 1-0

[Event "Wroclaw"]
[Site "?"]
[Date "2020.08.27"]
[Round "9.8"]
[White "Golenia, Jan"]
[Black "Kozlowski, Pawel"]
[Result "1-0"]
[BlackElo "1900"]
[WhiteElo "1956"]
[LiveChessVersion "1.4.8"]

1. c4 {[%clk 0:03:00]} e6 {[%clk 0:03:03]} 2. Nc3 {[%clk 0:03:01]} f5
{[%clk 0:03:04]} 3. Nf3 {[%clk 0:03:01]} Nf6 {[%clk 0:03:06]} 4. g3
{[%clk 0:03:03]} d5 {[%clk 0:03:07]} 5. cxd5 exd5 6. d4 {[%clk 0:03:04]} Bd6
{[%clk 0:03:06]} 7. Bg2 {[%clk 0:03:02]} c6 {[%clk 0:03:07]} 8. O-O
{[%clk 0:02:59]} O-O {[%clk 0:03:07]} 9. Bf4 {[%clk 0:02:59]} b6 {[%clk 0:03:05]}
10. Rc1 {[%clk 0:02:59]} Ba6 {[%clk 0:03:05]} 11. Re1 {[%clk 0:02:58]} Ne4
{[%clk 0:02:39]} 12. Bxd6 {[%clk 0:02:32]} Qxd6 {[%clk 0:02:40]} 13. Ne5
{[%clk 0:02:32]} Bb7 {[%clk 0:02:10]} 14. e3 {[%clk 0:02:31]} Nd7
{[%clk 0:02:09]} 15. Nd3 {[%clk 0:02:13]} Qh6 {[%clk 0:01:54]} 16. b4
{[%clk 0:01:57]} a6 {[%clk 0:01:24]} 17. a4 {[%clk 0:01:57]} b5 {[%clk 0:01:16]}
18. Qb3 {[%clk 0:01:40]} Kh8 {[%clk 0:01:13]} 19. Ne2 {[%clk 0:01:34]} Ndf6
{[%clk 0:01:03]} 20. Ne5 {[%clk 0:01:32]} Rae8 {[%clk 0:00:38]} 21. h3
{[%clk 0:01:27]} Ng5 {[%clk 0:00:27]} 22. Nf4 {[%clk 0:01:27]} Nh5
{[%clk 0:00:26]} 23. Kh2 {[%clk 0:01:21]} Ne4 {[%clk 0:00:17]} 24. Nfd3
{[%clk 0:01:18]} g5 {[%clk 0:00:12]} 25. f3 {[%clk 0:00:42]} Nexg3
{[%clk 0:00:10]} 26. Nc5 {[%clk 0:00:33]} Bc8 {[%clk 0:00:07]} 27. Ncd3
{[%clk 0:00:29]} Rf6 {[%clk 0:00:06]} 28. Rxc6 {[%clk 0:00:29]} Rxc6
{[%clk 0:00:07]} 29. Nf7+ {[%clk 0:00:30]} Kg7 {[%clk 0:00:07]} 30. Nxh6
{[%clk 0:00:31]} Rxh6 {[%clk 0:00:06]} 31. Qxd5 {[%clk 0:00:31]} Be6
{[%clk 0:00:07]} 32. Qb7+ {[%clk 0:00:31]} Kh8 {[%clk 0:00:06]} 33. Ne5
{[%clk 0:00:32]} g4 34. fxg4 {[%clk 0:00:32]} fxg4 {[%clk 0:00:06]} 35. Qc6
{[%clk 0:00:25]} Bf7 {[%clk 0:00:06]} 36. Nxf7+ {[%clk 0:00:25]} 1-0

[Event "Wroclaw"]
[Site "?"]
[Date "2020.08.27"]
[Round "9.9"]
[White "Dytman, Radoslaw"]
[Black "Iwanczuk, Krzysztof"]
[Result "1-0"]
[BlackElo "1799"]
[WhiteElo "1924"]
[LiveChessVersion "1.4.8"]

1. c4 {[%clk 0:03:03]} e5 {[%clk 0:03:03]} 2. Nc3 {[%clk 0:03:04]} Nc6
{[%clk 0:03:04]} 3. g3 {[%clk 0:03:05]} f5 {[%clk 0:03:05]} 4. Bg2
{[%clk 0:03:06]} Nf6 {[%clk 0:03:06]} 5. d3 {[%clk 0:03:05]} Bb4 {[%clk 0:03:07]}
6. Bd2 {[%clk 0:03:05]} O-O {[%clk 0:03:07]} 7. a3 {[%clk 0:03:02]} Bxc3
{[%clk 0:03:08]} 8. Bxc3 {[%clk 0:03:03]} d6 {[%clk 0:03:09]} 9. b4
{[%clk 0:03:00]} Qe8 {[%clk 0:03:10]} 10. b5 {[%clk 0:02:56]} Nd8
{[%clk 0:03:07]} 11. Qb3 {[%clk 0:02:31]} Be6 {[%clk 0:03:00]} 12. e3
{[%clk 0:02:26]} f4 {[%clk 0:02:41]} 13. exf4 {[%clk 0:02:00]} exf4
{[%clk 0:02:41]} 14. O-O-O {[%clk 0:01:55]} Ng4 {[%clk 0:02:18]} 15. Nh3
{[%clk 0:01:24]} f3 {[%clk 0:02:14]} 16. Bf1 {[%clk 0:01:16]} c6 {[%clk 0:01:38]}
17. Qb2 {[%clk 0:00:53]} Qd7 {[%clk 0:01:19]} 18. Nf4 {[%clk 0:00:43]} cxb5
{[%clk 0:01:11]} 19. h3 {[%clk 0:00:36]} Nf6 {[%clk 0:00:49]} 20. Qxb5
{[%clk 0:00:23]} Qxb5 {[%clk 0:00:33]} 21. cxb5 {[%clk 0:00:24]} Rc8
{[%clk 0:00:31]} 22. Kb2 {[%clk 0:00:25]} g5 {[%clk 0:00:13]} 23. Nxe6
{[%clk 0:00:16]} Nxe6 {[%clk 0:00:13]} 24. d4 {[%clk 0:00:13]} Nd5
{[%clk 0:00:13]} 25. Bd2 {[%clk 0:00:08]} Nxd4 {[%clk 0:00:12]} 26. Bxg5
{[%clk 0:00:07]} Rc2+ {[%clk 0:00:11]} 27. Ka1 {[%clk 0:00:04]} Nc3
{[%clk 0:00:04]} 28. Bc4+ {[%clk 0:01:04]} Ne6 {[%clk 0:00:06]} 29. Bxe6+
{[%clk 0:01:03]} Kg7 {[%clk 0:00:08]} 30. Rc1 {[%clk 0:00:33]} Rxc1+
{[%clk 0:00:07]} 31. Rxc1 {[%clk 0:00:33]} Ne4 {[%clk 0:00:07]} 32. Be3
{[%clk 0:00:31]} Re8 {[%clk 0:00:08]} 33. Bd5 {[%clk 0:00:29]} Nf6
{[%clk 0:00:06]} 34. Bxf3 {[%clk 0:00:28]} Re7 {[%clk 0:00:07]} 35. Kb2
{[%clk 0:00:23]} d5 {[%clk 0:00:04]} 36. Bd4 {[%clk 0:00:23]} Rd7
{[%clk 0:00:04]} 37. Rd1 {[%clk 0:00:24]} Kf7 {[%clk 0:00:05]} 38. Bxf6
{[%clk 0:00:24]} 1-0